Statistics for History Quiz #1 - WP

Click here to take the quiz!

General Stats

  • This quiz has been taken 29 times
  • The average score is 6 of 15

Answer Stats

HintAnswer% Correct
Father of ProtestantismMartin Luther
92%
Author of the poem The RavenEdgar Allan Poe
69%
Henry VIII's first wifeCatherine of Aragon
58%
First emperor of the Holy Roman EmpireCharlemagne
58%
Group lead by Oliver Cromwell during English Civil WarRoundheads
54%
Killed via ice pick in 1940Leon Trotsky
46%
Greek goddess of victoryNike
42%
Prussian king titled "the Great"Frederick
38%
Famous Greek inventorArchimedes
35%
Father of western philosophySocrates
35%
Tsar assassinated in 1881Alexander II
19%
Tumultuous period in China 1966-1976Cultural Revolution
19%
The year Jesus was born4 BC
15%
Genghis Khan's original nameTemujin
12%
Korean king titled "the Great"Sejong
8%

Score Distribution

Percentile by Number Answered

Percent of People with Each Score

Your Score History

You have not taken this quiz